Weapons - Statistics

General Stats
  • This quiz has been taken 14 times
  • The average score is 21 of 52
Answer Stats
Description Answer % Correct
A finely crafted, curved Japanese blade designed for swift, precise two-handed strikes. Katana
83%
A long pole weapon with a pointed tip, used for thrusting or throwing at enemies from a distance. Spear
83%
A ranged weapon that uses tension in a curved limb and a string to launch pointed projectiles with speedand precision. Bow
75%
A heavy, club-like weapon with a solid head designed to crush armor and deliver blunt force trauma. Mace
67%
A pair of short sticks connected by a chain or cord, used in martial arts for striking, blocking, and rapid, fluidmovements. Nunchucks
67%
A protective device held in the hand or strapped to the arm, used to block attacks and defend thewielder from harm. Shield
67%
A blunt-force weapon featuring a solid head—often with a flat side and a spike—designed to crush armorand deliver devastating strikes. War Hammer
67%
A metal device worn over the fingers to enhance the impact of a punch by concentrating force. Brass Knuckles
58%
A short, double-edged blade designed for close combat and thrusting. Dagger
58%
A broad, heavy cutting tool with a straight or slightly curved edge, commonly used for clearing vegetation or chopping through dense underbrush Machete
58%
A small, flat projectile with sharp edges, traditionally used for throwing in martial arts to distract orinjure opponents. Shuriken
58%
A simple weapon consisting of a pouch attached to two cords, used to hurl stones or small projectiles withgreat force. Sling
58%
A lightweight, small axe traditionally used by Native Americans, suitable for throwing, chopping,and close combat. Tomahawk
58%
A solid, cylindrical piece of wood or metal used to strike a ball or as a blunt weapon. Bat
50%
A short, solid stick used by law enforcement or security personnel for striking or controlling opponents. Baton
50%
A large, rectangular-bladed knife designed for chopping through meat and bone with heavy, downwardcuts. Cleaver
50%
A ranged device that uses a horizontal assembly to launch projectiles with high force, typically triggeredby a mechanical release. Crossbow
50%
A short, curved blade with a sturdy build and a protective guard, commonly used in naval combat forclose-quarters slashing. Cutlass
50%
A pole weapon combining an axe blade, a spear point, and often a hook, designed for versatilecombat including cutting, thrusting, and pulling opponents. Halberd
50%
A weapon featuring a spiked ball attached to a handle, often connected by a chain, used to deliverpowerful, crushing blows. Morning Star
50%
A slender, sharply pointed blade designed primarily for thrusting, favored in duels and known for itsspeed and precision. Rapier
50%
A long, curved blade mounted at an angle on a pole, traditionally used for cutting crops but also adaptedas a menacing, sweeping weapon. Scythe
50%
A small handheld device with elastic bands used to launch small projectiles at high speed by pulling backand releasing. Slingshot
50%
A long, straight pole used for striking, blocking, and leveraging in combat or self-defense. Staff
50%
A flexible, elongated tool made of leather or similar material, used to strike or entangle from adistance with rapid, snapping motions. Whip
50%
A widely recognized automatic firearm known for its durability and reliability, capable of rapid-fire usingdetachable magazines and designed for infantry combat. AK47
42%
A large, heavy axe designed for combat, featuring a broad blade meant to deliver powerful, cleavingstrikes. Battle Axe
42%
A small, pointed projectile designed to be thrown by hand for precision strikes at close to medium range Dart
42%
A weapon consisting of a spiked or solid head attached to a handle by a chain, allowing for swingingstrikes that can bypass shields. Flail
42%
A lightweight spear designed primarily for throwing long distances with accuracy. Javelin
42%
A pointed, pronged metal weapon with a central spike and two curved side prongs, commonly used forblocking, trapping, and striking in martial arts. Sai
42%
A three-pronged spear traditionally used for fishing and combat, allowing for both thrusting andtrapping opponents. Trident
42%
A large, double-edged blade with a wide profile, built for powerful slashing and cutting in battle. Broadsword
33%
A simple, heavy stick or piece of wood used to deliver powerful blunt strikes. Club
33%
A small, curved blade with a hooked tip and a finger ring, designed for close, precise cutting and slashingmotions. Karambit
33%
A long, sturdy spear-like weapon used by mounted warriors for charging attacks. Lance
33%
An extremely long spear-like weapon used by infantry to keep enemies, especially cavalry, at a distance Pike
33%
A handheld tool with a short, curved blade used for close, sweeping cuts, often repurposed as a compactslashing weapon. Sickle
33%
A short, double-edged sword designed for close-quarters combat, famously used by ancient Romansoldiers. Gladius
25%
A curved, single-edged weapon with a guard, designed primarily for slashing in cavalry combat. Saber
25%
A compact, straight-edged blade intended for agility and effectiveness in close-quarters combat. Shortsword
25%
Balanced, pointed blades designed for accurate flight and penetration when thrown by hand. Throwing Knives
25%
A heavy, two-handed hammer with a large, solid head designed to crush armor and cause massiveblunt damage. Maul
17%
A single-edged, slightly curved sword known for its broad blade and powerful chopping ability. Falchion
8%
A small, single-handed chopping tool with a sharp blade, effective for both utility and close combat. Hatchet
8%
A single-edged blade with a broad, slightly curved profile, traditionally used in Central Europe for bothcombat and utility. Messer
8%
A long pole weapon with a large, curved blade mounted along the side, used for powerful chopping andsweeping strikes. Bardiche
0%
A single-edged, forward-curving blade known for its weight and chopping power, traditionally used inancient Iberian warfare. Falcata
0%
A flexible weapon consisting of a sharp, pointed tip attached to a long rope, used to strike or entangleopponents from a distance with swift, fluid motions. Rope Dart
0%
A traditional Korean short sword, typically used for close combat and known for its balanceddesign and sharp, straight blade. Saingeom
0%
A small, sharp blade traditionally carried as a utility and self-defense tool in ancient Korea, oftenused for close work and quick strikes. Shin-Kal
0%
A traditional Korean pole weapon featuring a long shaft with a curved, broad blade at the end,used for sweeping and slashing attacks. Woldo
0%
No matching quizzes found
Score Distribution
Percent of People with Each Score
Percentile by Number Answered
Your Score History
You have not taken this quiz